| 000 | 00447nam a2200181Ia 4500 | ||
|---|---|---|---|
| 001 | 12242 | ||
| 005 | 20260306162927.0 | ||
| 008 | 260306t2006||||xx |||||||||||||| ||spa|| | ||
| 041 | _aESP | ||
| 082 |
_aHR 340 _bNª 58 2005 DERECHO PUC |
||
| 110 | _aPontificia Universidad Católica del Perú | ||
| 245 | 0 | _aDerecho-Puc | |
| 260 | _c2006 | ||
| 300 |
_a558 páginas : _c24 cm. |
||
| 650 | _aGEN | ||
| 654 | _aCDE | ||
| 942 |
_cREV _dJUS _fJUS _2ddc _n |
||
| 999 |
_c12242 _d12242 |
||